=LDR 00000nam 2200000 4500 =001 NUTBA000000000005689 =005 20141105142545.0 =006 =007 =008 =020 ##$$a 978-602-8285-19-3 =035 ##$$a 0010-111400000000168 =040 ##$$a NBPDMAT =082 ##$$a 523.2 =090 ##$$a 523.2 $b Ema t =100 ##$$a Emanuel Sungging =245 ##$$a Tat Surya/ $c Emanual Sungging =250 ##$$a Cet.1 =260 ##$$a Jakarta : $bAzka Presst, $c 2008 =300 ##$$a vi, 59 hlm. : $b ilus. ; $c 25 cm. =500 ##$$a Bibliografi : hlm. 59 =850 ##$$a NBPDMAT